• 首页
  • 本馆介绍
  • 公告通知
  • 最新文献
  • 馆藏检索
  • 电子资源
  • 读者导购
  • 参考咨询
  • 我的图书馆
  • 登录
  • 详细信息显示
  • 放入我的书架
  • 预约/预借图书
  • 作者相关作品
  • 分类相关作品
  • 丛书相关作品
  • 出版社相关作品

书目信息

  • 表格格式
  • 工作单格式
  • 卡片格式
题名:
烽火往事
    
 
作者: 江宁 编著
分册:  
出版信息: 北京   团结出版社  2018重印
页数: 312页
开本: 26cm
丛书名:
单 册:
中图分类: K266.06
科图分类:
主题词: 第三次国内革命战争--di san ci guo nei ge ming zhan zheng--史料
电子资源:
ISBN: 978-7-5126-3573-9
000 00892nam0 2200253 45
001 012001010994
005 20140104161141.0
010    @a978-7-5126-3573-9@dCNY58.00
099    @aCAL 012015096692
100    @a20150825d2015 em y0chiy50 ea
101 0  @achi
102    @aCN@b110000
105    @ay z 000ay
106    @ar
200 1  @a烽火往事@AFeng Huo Wang Shi@e解放战争纪实@f江宁编著
210    @a北京@c团结出版社@d2018重印
215    @a312页@d26cm
330    @a本书真实的记录了解放战争的历史进程和各条战线艰苦卓越的斗争,形象生动的讴歌了伟大的毛泽东军事思想,颂扬了中国人民解放军攻无不克、无坚不摧的光辉形象。
517 1  @a解放战争纪实@AJie Fang Zhan Zheng Ji Shi
606 0  @a第三次国内革命战争@Adi san ci guo nei ge ming zhan zheng@x史料
690    @aK266.06@v5
701  0 @a江宁@AJiang Ning@4编著
801  2 @aCN@b上海新华@c20191020
905    @b1137551-3@dK266.06@e63@f3
    
    烽火往事:解放战争纪实/江宁编著.-北京:团结出版社,2018重印
    312页;26cm
    
    
    ISBN 978-7-5126-3573-9:CNY58.00
    本书真实的记录了解放战争的历史进程和各条战线艰苦卓越的斗争,形象生动的讴歌了伟大的毛泽东军事思想,颂扬了中国人民解放军攻无不克、无坚不摧的光辉形象。
●
相关链接 在E读中查询图书 在五车中查询图书 在当当中查询图书 在豆瓣中查询图书


正题名:烽火往事     索取号:K266.06/63         预约/预借

序号 登录号 条形码 馆藏地/架位号 状态 备注
1 1137551   211375518   第二样本阅览室/ [索取号:K266.06/63] 在馆    
2 1137552   211375527   第二借阅区/ [索取号:K266.06/63] 在馆    
3 1137553   211375536   第二借阅区/ [索取号:K266.06/63] 在馆    
唐山师范学院图书馆 欢迎您!
大连网信软件有限公司© 版权所有